000 00407nam a2200157Ia 4500
008 230711s9999||||xx |||||||||||||| ||und||
041 _aENG
082 _a621.319
_bGO-C
100 _aGoodwin,Graham C.
245 0 _aControl system desgin
250 _a1st . Ed.
260 _c2003
_aNew Delhi
_bPHI Learning Private Limited
650 _aElectrical Engineering
700 _aGraebe,Stefan F.
942 _cBK
999 _c4065
_d4065